000 01072nam a2200277Ia 4500
001 22046
005 20260320113337.0
008 260320s9999||||xx |||||||||||||| ||und||
020 _a9798777912176
041 _aESP
082 _a330.1
_bU73
100 _aUrbina, Dante A.,
_eAUT
245 0 _aLa economía irracional :
_bde cómo nos manipula el sistema económico
246 _a
_5
_b
250 _aPrimera edición
260 _aSeattle (US) :
_bEd, Kindle Direct Publishing,
_c2021
300 _a229 páginas :
_bfotografías ;
_c23 cm.
_e
440 _a
_n
_v
500 _aEn la portada : Un profundo análisis que muestra el contexto, funcionamiento y consecuencias del sistema de producción de necesidades. - Made in the USA Monee, IL 12 November 2023
650 _aCIS
653 _aEconomía; Sistema económico
654 _aCAN
700 _a
_c
856 _uhttps://0u20vo862-y-https-ebookcentral-proquest-com.itmsp.museknowledge.com/lib/catolicasp/home.action
_zVéase además: Base de datos ProQuest Ebook Central
942 _cLIB
_dJUS
_fMAT
_2ddc
_n
999 _c22046
_d22046